<?xml version="1.0" encoding="UTF-8"?>
<record
    xmlns:xsi="http://www.w3.org/2001/XMLSchema-instance"
    xsi:schemaLocation="http://www.loc.gov/MARC21/slim http://www.loc.gov/standards/marcxml/schema/MARC21slim.xsd"
    xmlns="http://www.loc.gov/MARC21/slim">

  <leader>02010agaaa2200301   4500</leader>
  <controlfield tag="001">8857</controlfield>
  <controlfield tag="003">IT-RoPAU</controlfield>
  <controlfield tag="005">20220918181256.0</controlfield>
  <controlfield tag="007">d cvaizq</controlfield>
  <controlfield tag="008">50131s9999||||xx ||| |     ||   ||und||</controlfield>
  <datafield tag="040" ind1=" " ind2=" ">
    <subfield code="a">IT-RoPAU</subfield>
    <subfield code="c">IT-RoPAU</subfield>
  </datafield>
  <datafield tag="041" ind1=" " ind2=" ">
    <subfield code="a">ITALIANO</subfield>
  </datafield>
  <datafield tag="100" ind1=" " ind2=" ">
    <subfield code="a">Moraca Stefano</subfield>
    <subfield code="g">Codice regista SPICS: 59520</subfield>
    <subfield code="9">51563</subfield>
  </datafield>
  <datafield tag="130" ind1=" " ind2=" ">
    <subfield code="a">CHI E' IL MIO PROSSIMO?</subfield>
    <subfield code="9">51564</subfield>
  </datafield>
  <datafield tag="245" ind1=" " ind2=" ">
    <subfield code="a">CHI E' IL MIO PROSSIMO?</subfield>
    <subfield code="c">Diretto da: Moraca Stefano</subfield>
    <subfield code="p">CHI E' IL MIO PROSSIMO? (Rif. Codice opera principale : H8857)</subfield>
  </datafield>
  <datafield tag="250" ind1=" " ind2=" ">
    <subfield code="a">Edizione Standard</subfield>
  </datafield>
  <datafield tag="260" ind1=" " ind2=" ">
    <subfield code="a">MILANO (ITALIA)</subfield>
    <subfield code="b">JM / Distribuzione: MULTIMEDIA SAN PAOLO</subfield>
    <subfield code="g">"2009 (1&#xB0; ed.: 2009 ; Ed. Lingua Orig.: 2009)"</subfield>
  </datafield>
  <datafield tag="300" ind1=" " ind2=" ">
    <subfield code="a">DVD</subfield>
    <subfield code="b">sonoro, col.</subfield>
  </datafield>
  <datafield tag="508" ind1=" " ind2=" ">
    <subfield code="a">"Fotografia: Fronterre' Davide; Montaggio: Moraca Stefano; Soggetto: Cacciari Massimo -- Ravasi Gianfranco"</subfield>
  </datafield>
  <datafield tag="520" ind1=" " ind2=" ">
    <subfield code="a">"CONVEGNO DEL 15 NOVEMBRE 2008, MILANO - ASSOLOMBARDA ORGANIZZATO DALL'A.M.C.I. (ASSOCIAZIONE MEDICI CATTOLICI ITALIANI SEZIONE S. GIANNA BERETTA MOLLA) MILANO. CHI E' IL MIO PROSSIMO? DI MASSIMO CACCIARI. NON SETTE VOLTE MA SETTANTA VOLTE SETTE I NUMERI DELL'AMORE PER IL PROSSIMO DI GIANFRANCO RAVASI. NEL CONTESTO DEL RACCONTO PARABOLICO, LO SCRIBA RIVOLGE A GESU' IL QUESITO OGGETTIVO SU CHI SIA IL PROSSIMO; GESU', INVECE, ALLA FINE RILANCIA LA DOMANDA MODIFICANDOLA IN SENSO SOGGETTIVO E DINAMICO: CHI HA AGITO DA PROSSIMO?. PIU' CHE DEFINIRE LA CATEGORIA ESTERNA PROSSIMO, E' NECESSARIO FARSI,ESSERE PROSSIMO DELL'ALTRO IN SENSO EFFICACE; PIU' CHE UNA RICERCA SUL PROSSIMO, LA NOSTRA DEVE ESSERE UN'AZIONE DA PROSSIMO, CON UNA RICERCA DEL PROSSIMO PER AIUTARLO."</subfield>
  </datafield>
  <datafield tag="538" ind1=" " ind2=" ">
    <subfield code="a">PAL, STEREO</subfield>
  </datafield>
  <datafield tag="546" ind1=" " ind2=" ">
    <subfield code="a">ITALIANO</subfield>
  </datafield>
  <datafield tag="650" ind1=" " ind2=" ">
    <subfield code="a">DOCUMENTAIO</subfield>
    <subfield code="e">DVD-VARI [DVD]</subfield>
    <subfield code="x">Codice MATERIA SPICS: 9946</subfield>
    <subfield code="9">51565</subfield>
  </datafield>
  <datafield tag="700" ind1=" " ind2=" ">
    <subfield code="a">Cacciari Massimo </subfield>
    <subfield code="e">(soggetto)</subfield>
    <subfield code="g">Codice Soggetto SPICS: 12135</subfield>
    <subfield code="9">51566</subfield>
  </datafield>
  <datafield tag="700" ind1=" " ind2=" ">
    <subfield code="a">Moraca Stefano </subfield>
    <subfield code="e">(regista)</subfield>
    <subfield code="g">Codice regista SPICS: 59520</subfield>
    <subfield code="9">51567</subfield>
  </datafield>
  <datafield tag="700" ind1=" " ind2=" ">
    <subfield code="a">Ravasi Gianfranco </subfield>
    <subfield code="e">(soggetto)</subfield>
    <subfield code="g">Codice Soggetto 2&#xB0; SPICS: 25380</subfield>
    <subfield code="9">51568</subfield>
  </datafield>
  <datafield tag="942" ind1=" " ind2=" ">
    <subfield code="c">DV</subfield>
    <subfield code="2">ddc</subfield>
  </datafield>
  <datafield tag="999" ind1=" " ind2=" ">
    <subfield code="c">107310</subfield>
    <subfield code="d">107310</subfield>
  </datafield>
  <datafield tag="952" ind1=" " ind2=" ">
    <subfield code="0">0</subfield>
    <subfield code="1">0</subfield>
    <subfield code="4">0</subfield>
    <subfield code="6">H_8857_000000000000000</subfield>
    <subfield code="7">1</subfield>
    <subfield code="a">SPICS</subfield>
    <subfield code="b">SPICS</subfield>
    <subfield code="d">2015-01-31</subfield>
    <subfield code="l">0</subfield>
    <subfield code="o">H8857</subfield>
    <subfield code="r">2015-01-31 00:00:00</subfield>
    <subfield code="w">2015-01-31</subfield>
    <subfield code="y">DV</subfield>
    <subfield code="z">Progr. Ins.: 3805 / N.Vol.:1 / Copie: 1 / Pag.:0 / Copia rara: n.d. / date import: 1.2.2015 / By Epidotti, Trombetti, Vaglietti</subfield>
  </datafield>
</record>
